000 00410nam a2200181Ia 4500
001 9942
005 20260306161755.0
008 260306t1894||||xx |||||||||||||| ||spa||
041 _aESP
082 _a808.8
_bO693S
100 _aAristotelis
_eAUT
245 0 _aEthica nicomachea
260 _c1894
300 _avii, 264 páginas :
_c19 cm.
650 _aGEN
654 _aCHU
942 _cLIB
_dJUS
_fJUS
_2ddc
_n
999 _c9942
_d9942